000 03098cam a22006734i 4500
003 PE-LiUPU
005 20250731170458.0
008 150706s r 000 0 d
020 _a9788497566988
035 _a(Sirsi) i9788497566988
040 _aPE-LiUPU
_bspa
_cPE-LiUPU
_erda
049 _aPRUA
082 0 4 _a153.12
_bR94
_221
100 1 _aRuiz-Vargas, José María,
_eautor.
245 1 0 _aManual de psicología de la memoria /
_cJosé María Ruiz-Vargas.
264 1 _aMadrid :
_bSíntesis,
_cD.L. 2010.
300 _a489 páginas :
_bilustraciones ;
_c23 cm.
336 _atext
_2rdacontent
337 _aunmediated
_2rdamedia
338 _avolume
_2rdacarrier
490 0 _aBiblioteca de psicología ;
_v9
504 _aIncluye bibliografía: p. 461-489.
505 0 _a¿Qué es la memoria? -- Marco teórico -- El estudio científico de la memoria -- Arquitectura de la memoria -- La memoria en el laboratorio -- Las memorias sensoriales -- La memoria icónica -- La memoria ecoica -- La memoria a corto plazo -- La memoria a largo plazo (I): codificación, organización y consolidación -- La memoria a largo plazo (II): recuperación -- Olvido -- Memorias falsas -- La memoria en el mundo real -- El recuerdo del pasado personal: la memoria autobiográfica -- Estrés, trauma y memoria -- Amnesias.
526 _aSEG68
526 _aSEG70
526 _aSEG69
526 _aSEG67
526 _aSEG43
526 _aP144
526 _aP143
526 _aP131
526 _aP122
526 _aP120
526 _aP117
526 _aP112
526 _aP110
526 _aP106
526 _aP101
526 _aP80
526 _aP59
526 _aP54
526 _aP35
526 _aP33
526 _aP30
541 _g001-004535;
541 _g001-004535;
541 _g001-004535;
650 0 4 _aMemoria.
910 _agl
_cjck
_d20131111
942 _2ddc
_cBOOK
949 _a153.12 R94 9
_wDEWEY
_c1
_i68994
_lCCODEBUL1
_mBUL
_p77.00
_r0
_sY
_tBOOK
_u2015-7-6
_xSALUD
_PP33
_o.STAFF. Colección General
949 _a153.12 R94 9
_wDEWEY
_c2
_i68995
_lCCODEBUL1
_mBUL
_p77.00
_r0
_sY
_tBOOK
_u2015-7-6
_xSALUD
_PP33
_o.STAFF. Colección General
949 _a153.12 R94 9
_wDEWEY
_c3
_i68996
_lCCODEBUL1
_mBUL
_p77.00
_r0
_sY
_tBOOK
_u2015-7-6
_xSALUD
_PP33
_o.STAFF. Colección General
994 _aC0
_bPEPRU
596 _a1
999 _a153.12 R94 9
_wDEWEY
_c56138
_i68994
_d56138
_e2016-4-12
_lLOST
_mBUL
_n6
_p77.00
_r1
_sY
_tBOOK
_u2015-7-6
_xUNKNOWN
_PP33
_o.STAFF. Colección General
999 _a153.12 R94 9
_wDEWEY
_c2
_i68995
_d2019-9-25
_e2019-9-24
_f2021-11-3
_g5
_lCCODEBUL1
_mBUL
_n28
_p77.00
_q8
_r0
_sY
_tBOOK
_u2015-7-6
_xSALUD
_PP33
_0COMPRA
_o.STAFF. Colección General
999 _a153.12 R94 9
_wDEWEY
_c3
_i68996
_d2019-11-6
_e2019-9-17
_f2021-11-3
_g4
_lCCODEBUL1
_mBUL
_n18
_p77.00
_q6
_r0
_sY
_tBOOK
_u2015-7-6
_xSALUD
_PP33
_0COMPRA
_o.STAFF. Colección General
980 _81
_gALBERTO SANCHEZ Responsable de Automatización